Lease assignments and underlettings - what are reasonable grounds for objecting? (Record no. 75073)
[ view plain ]
| 000 -LEADER | |
|---|---|
| fixed length control field | 00869cab a2200205 4500 |
| 001 - CONTROL NUMBER | |
| control field | L129337 |
| 008 - FIXED-LENGTH DATA ELEMENTS--GENERAL INFORMATION | |
| fixed length control field | 050413n2005 000 0 eng u |
| 035 ## - SYSTEM CONTROL NUMBER | |
| System control number | (Sirsi) u129337 |
| 041 ## - LANGUAGE CODE | |
| Language code of text/sound track or separate title | eng |
| 245 ## - TITLE STATEMENT | |
| Title | Lease assignments and underlettings - what are reasonable grounds for objecting? |
| 260 ## - PUBLICATION, DISTRIBUTION, ETC. | |
| Date of publication, distribution, etc. | 2005 |
| 490 ## - SERIES STATEMENT | |
| Series statement | The In-House Lawyer |
| 520 ## - SUMMARY, ETC. | |
| Summary, etc. | Discusses three cases which clarified the the circumstances under which a landlord may withhold consent to lease underlettings and assignments. The cases also clarified the definition of reasonable grounds for objection. |
| 590 ## - LOCAL NOTE (RLIN) | |
| Local note | IKA150405 |
| 650 ## - SUBJECT ADDED ENTRY--TOPICAL TERM | |
| Topical term or geographic name entry element | OLD ENGLISH INNS PLC V BRIGHTSIDE LTD |
| 650 ## - SUBJECT ADDED ENTRY--TOPICAL TERM | |
| Topical term or geographic name entry element | ALLIED DUNBAR ASSURANCE PLC V HOMEBASE LTD AND ANOTHER |
| 650 ## - SUBJECT ADDED ENTRY--TOPICAL TERM | |
| Topical term or geographic name entry element | NCR LTD V RIVERLAND PORTFOLIO NO1 LTD |
| 690 ## - LOCAL SUBJECT ADDED ENTRY--TOPICAL TERM (OCLC, RLIN) | |
| Topical term or geographic name as entry element | PROPERTY-COMMERCIAL PROPERTY-LEASEHOLD COMMERCIAL PROPERTY |
| 942 ## - ADDED ENTRY ELEMENTS (KOHA) | |
| Suppress in OPAC | 0 |
| Withdrawn status | Lost status | Source of classification or shelving scheme | Damaged status | Not for loan | Home library | Current library | Shelving location | Date acquired | Total Checkouts | Full call number | Barcode | Date last seen | Copy number | Price effective from | Koha item type |
|---|---|---|---|---|---|---|---|---|---|---|---|---|---|---|---|
| Dewey Decimal Classification | London | London | Journal article | 13/04/2005 | L129337 | 129337-1001 | 06/08/2019 | 1 | 06/08/2019 | Journal article |